| 000 -ლიდერი |
| ფიქსირებული სიგრძის საკონტროლო ველი |
01405nam a2200253Ia 4500 |
| 001 - საკონტროლო ნომერი |
| საკონტროლო ველი |
3532 |
| 003 - საკონტროლო ნომრის იდენტიფიკატორი |
| საკონტროლო ველი |
GE_BSU |
| 005 - ბოლო ოპერაციის თარიღი და დრო |
| საკონტროლო ველი |
20190603161528.0 |
| 008 - ფიქსირებული სიგრძის მონაცემთა ელემენტები - ზოგადი ინფორმაცია |
| ფიქსირებული სიგრძის საკონტროლო ველი |
181216s1979||||ge |||||||||||||| ||geo|| |
| 040 ## - კატალოგიზაციის წყარო |
| Transcribing agency |
GE_BSU |
| 041 ## - ენის კოდი |
| Language code of text/sound track or separate title |
geo |
| 080 ## - უნივერსალური ათობითი კლასიფიკაციის ინდექსი |
| Universal Decimal Classification number |
697.1/8(075.8)+697+9(075.8) ს-58 |
| 100 ## - მთავარი ჩანაწერი - პიროვნების სახელი |
| Personal name |
სკრიცკი, ლ |
| 9 (RLIN) |
2008 |
| 245 ## - ცნობა სათაურის შესახებ |
| Title |
თბოაირმომარაგებისა და ვენტილაციის სისტემების ავტომატიკისა და ავტომატიზაციის საფუძვლები : |
| Remainder of title |
სახელმძღვ. / |
| Statement of responsibility, etc |
ლ. სკრიცკი ; რედ : ვ. გოგსაძე. |
| 250 ## - გამოცემის ცნობა |
| Edition statement |
თარგმანი მეორე გადამუშავებული რუსული გამოცემიდან. |
| 264 ## - წარმოების, გამოცემის, დისტრიბუციის და სხვა ცნობები |
| გამოცემის, წარმოების, დისტრიბუციის... ადგილი |
თბილისი : |
| გამოცემის, წარმოების, დისტრიბუციის... სახელწოდება |
განათლება, |
| გამოცემის, წარმოების, დისტრიბუციის... თარიღი |
1979. |
| 300 ## - ფიზიკური აღწერა |
| Extent |
272 გვ .: |
| Dimensions |
22 სმ. |
| 500 ## - ზოგადი შენიშვნა |
| General note |
ლიტ. სია: გვ. 271. |
| 504 ## - BIBLIOGRAPHY, ETC. NOTE |
| Bibliography, etc |
ბიბლიოგრ.:გვ.271 |
| 653 ## - INDEX TERM--UNCONTROLLED |
| Uncontrolled term |
თბოაირმომარაგების სისტემების ავტომატიკა |
| 653 ## - INDEX TERM--UNCONTROLLED |
| Uncontrolled term |
ვენტილაციის სისტემების ავტომატიკა |
| 700 ## - ADDED ENTRY--PERSONAL NAME |
| Personal name |
გოგსაძე, ვ |
| Relator term |
რედაქტორი |
| 9 (RLIN) |
496 |
| 942 ## - ADDED ENTRY ELEMENTS (KOHA) |
| Koha item type |
წიგნი |
| Source of classification or shelving scheme |
|